000 00476nam a2200181Ia 4500
003 OSt
005 20260216121655.0
008 250729s2005 xx 000 0 und d
040 _cAL
041 _akan
082 _a372.8 KARP
100 _aಕರಿಗಣ್ಣವರ ಎ ಜಿ
_9229061
245 _aಪರಿಸರ ಶಿಕ್ಷಣ
260 _aಗದಗ
_c2005
650 _aEnvironmentEducation
_9229062
700 _aRao Digumurthi
_9229063
942 _2ddc
_cBED
999 _c238206
_d238206